000 00859cam a2200253 4500
008 090401t1996 xxu||||| |||| 00| 0 eng d
020 _a0419208100
035 _a(Sirsi) u38656
041 _aeng
050 _a658.99
100 _aSawczuk, B.
245 _aRisk avoidance for the building team.
260 _aLondon
_bE & FN Spon
_c1996
300 _ax,223p. ; 24p.
350 _a22
520 _aPresents a strategy for risk avoidance covering all stages of the constructiion process. Examines potential problem areas from the viewpoint of the employer, consultant and the contractor, as well as offering advice on dispute resolution.
650 _aCONSTRUCTION INDUSTRY
650 _aDISPUTE RESOLUTION
_96236
650 _aRISK AVOIDANCE
650 _aRISK MANAGEMENT
690 _aBUILT ENVIRONMENT
942 _n0
948 _c04/03/1997
999 _c90678
_d90678